Sports Quiz

Random Sports or Auto Racing Quiz

Formula One Alphabetically - F Quiz Stats

 Plays Quiz not verified by Sporcle

Score 0/20 Timer 08:00
0 Plays Today
clue answer % Correct
Argentine winner of five drivers' championshipsJuan Manuel Fangio
93.5%
Constructor whose emblem features a 'prancing horse'Ferrari
92.6%
Country hosting Grand Prix at circuits including Paul Ricard and Magny CoursFrance
92.4%
Vijay Mallya is the team principal of this constructorForce India
88%
Winner of the first ever Formula One Drivers' ChampionshipGiuseppe Farina
81.2%
Has driven for Sauber, Williams, Jordan, and ProstHeinz-Harald Frentzen
78.7%
Circuit owned and used exclusively by Ferrari for testingFiorano
59.9%
Pedro Diniz and Roberto Moreno drove for this team in 1995Forti Corse
56.4%
Driver with a best finish of 6th place in USA 2005Patrick Friesacher
44.1%
Claimed two pole positions for Benetton in 1986Teo Fabi
43.1%
clue answer % Correct
Team mate to Gianni Morbidelli in 1994Cristian Fittipaldi
35.7%
Andrea Chiesa's only F1 teamFondmetal
30.5%
Accused of deliberately holding up Villeneuve to help Schumacher in Jerez 1997Norberto Fontana
29.7%
Made his final F1 appearance for Onyx at the 1990 German Grand PrixGregor Foitek
22.9%
Haulage company whose logos featured on the side pods of Benettons in the late 90sFedEX
17.2%
Precedes Dunlop hairpin at NürburgringFord Kurve
15.8%
Follows Pouhon at Spa-FrancorchampsFagnes
15.5%
Corner at Interlagos, translates to Horseshoe in EnglishFerradura
15.3%
Straight between Abbey and Bridge on the old Silverstone circuitFarm
15%
Designer of Williams cars from 1998 - 2005Gavin Fisher
3.8%

You're not logged in!

Compare scores with friends on all Sporcle quizzes.
OR
Log In

Show Comments

Extras

Top Quizzes Today


Score Distribution

Your Account Isn't Verified!

In order to create a playlist on Sporcle, you need to verify the email address you used during registration. Go to your Sporcle Settings to finish the process.

Report this User

Report this user for behavior that violates our Community Guidelines.

Details: